مستقبل التعليم الحديث التحديات و تكنولوجيا المعلومات الحديث / (رقم التسجيلة. 42390)

تفاصيل مارك
000 -LEADER
fixed length control field 00629nam a22001817a 4500
005 - DATE AND TIME OF LATEST TRANSACTION
control field 20251108170520.0
008 - FIXED-LENGTH DATA ELEMENTS--GENERAL INFORMATION
fixed length control field 250721s2001 xx 000 0 ara d
082 14 - DEWEY DECIMAL CLASSIFICATION NUMBER
Classification number 371.33/خوا
100 1# - MAIN ENTRY--PERSONAL NAME
Personal name الخواجا، عبد الفتاح محمد سعيد
245 10 - TITLE STATEMENT
Title مستقبل التعليم الحديث التحديات و تكنولوجيا المعلومات الحديث /
264 1# - PRODUCTION, PUBLICATION, DISTRIBUTION, MANUFACTURE, AND COPYRIGHT NOTICE
Place of production, publication, distribution, manufacture عمان :
Name of producer, publisher, distributor, manufacturer دار المستقبل للنشر،
Date of production, publication, distribution, manufacture, or copyright notice 2001.
300 ## - PHYSICAL DESCRIPTION
Extent 192ص
650 17 - SUBJECT ADDED ENTRY--TOPICAL TERM
Topical term or geographic name as entry element التدريس
650 17 - SUBJECT ADDED ENTRY--TOPICAL TERM
Topical term or geographic name as entry element وسائل السمعية و البصرية
650 17 - SUBJECT ADDED ENTRY--TOPICAL TERM
Topical term or geographic name as entry element التعلم
942 ## - ADDED ENTRY ELEMENTS (KOHA)
Source of classification or shelving scheme Dewey Decimal Classification
Koha item type كتب
المقتنيات
حالة السحب حالة الفقدان مصدر التصنيف حالة التلف غير قابل للإعارة المكتبة الرئيسية المكتبة الحالية موقع الرف تاريخ التزويد الرقم المتسلسل Total Checkouts رقم الإستدعاء الباركود تاريخ آخر ظهور تاريخ الفاتورة نوع المادة (كوها)
    Dewey Decimal Classification     المكتبة المركزية المكتبة المركزية الإعارة 06/07/2004 462312   371.33/خوا 462312 28/07/2025 06/07/2004 كتب
    Dewey Decimal Classification     المكتبة المركزية المكتبة المركزية الإعارة 06/07/2004 462311   371.33/خوا 462311 28/07/2025 06/07/2004 كتب
    Dewey Decimal Classification Unchecked   مكتبة أبو علندا العامة مكتبة أبو علندا العامة الإعارة 06/07/2004 462327   371.33/خوا   28/07/2025 06/07/2004 كتب
    Dewey Decimal Classification     مكتبة أم قصير والمقابلين العامة مكتبة أم قصير والمقابلين العامة الإعارة 06/07/2004 462326   371.33/خوا 462326 28/07/2025 06/07/2004 كتب
    Dewey Decimal Classification Unchecked   مكتبة الأميرة ايمان العامة مكتبة الأميرة ايمان العامة الإعارة 06/07/2004 462318   371.33/خوا   28/07/2025 06/07/2004 كتب
    Dewey Decimal Classification     مكتبة الجويدة مكتبة الجويدة الإعارة 06/07/2004 462322   371.33/خوا 462322 28/07/2025 06/07/2004 كتب
    Dewey Decimal Classification     مكتبة الحسن العامة مكتبة الحسن العامة الإعارة 06/07/2004 462323   371.33/خوا 462323 28/07/2025 06/07/2004 كتب
    Dewey Decimal Classification Unchecked   مكتبة الحسن العامة مكتبة الحسن العامة الإعارة 06/07/2004 19067   371.33/خوا   28/07/2025 06/07/2004 كتب
    Dewey Decimal Classification     مكتبة النصر العامة مكتبة النصر العامة الإعارة 06/07/2004 462329   371.33/خوا 462329 28/07/2025 06/07/2004 كتب
    Dewey Decimal Classification Unchecked   مكتبة حمزة العامة مكتبة حمزة العامة الإعارة 06/07/2004 462324   371.33/خوا   28/07/2025 06/07/2004 كتب
    Dewey Decimal Classification     مكتبة صويلح العامة مكتبة صويلح العامة الإعارة 06/07/2004 462319   371.33/خوا 462319 28/07/2025 06/07/2004 كتب
    Dewey Decimal Classification     مكتبة وادي السير العامة مكتبة وادي السير العامة الإعارة 06/07/2004 462328   371.33/خوا 462328 28/07/2025 06/07/2004 كتب
Implemented & Customized by: BBB with SCIT (Smart Chains for Information Technology)

Powered by Koha